Využitie metód výberu čŕt vo výskume onkologických ochorení

Guardado en:
Detalles Bibliográficos
Autor principal: Staškovan, Michal (Autor)
Otros Autores: Rozinajová, Viera (Orientador)
Formato: Manuscrito Libro
Lenguaje:eslovaco
Publicado: 2019
Materias:
Acceso en línea:http://is.stuba.sk/zp/portal_zp.pl?podrobnosti=145566
Etiquetas: Agregar Etiqueta
Sin Etiquetas, Sea el primero en etiquetar este registro!

MARC

LEADER 00000ntm a22000003a 4500
001 stuzp75023
003 SK-STU
005 20190622212758.7
007 ta
008 150427s2015----xo-----f-mn---000-0-slo-d
040 |a STU  |b slo 
041 0 |a slo 
100 1 |a Staškovan, Michal  |u 070200  |k Z4  |4 aut  |U FIIT Fakulta informatiky a informačných technológií  |T FIIT Ústav informatiky, informačných systémov a softvérového inžinierstva  |X 74242  |U I200  |Y 179  |7 74242 
242 0 1 |a Usage of feature selection methods in the field of cancer research  |y eng 
245 1 0 |a Využitie metód výberu čŕt vo výskume onkologických ochorení 
260 |c 2019 
650 4 |a výber čŕt  |2 slo 
650 4 |a dátová analytika  |2 slo 
650 4 |a medicína  |2 slo 
650 4 |a onkológia  |2 slo 
650 4 |a feature selection  |2 eng 
650 4 |a data analysis  |2 eng 
650 4 |a medicine  |2 eng 
650 4 |a oncology  |2 eng 
700 1 |a Rozinajová, Viera  |u 070200  |k Z1  |4 ths  |U FIIT Fakulta informatiky a informačných technológií  |T FIIT Ústav informatiky, informačných systémov a softvérového inžinierstva  |X 110  |U I200  |Y 179  |7 110 
856 4 |u http://is.stuba.sk/zp/portal_zp.pl?podrobnosti=145566 
996 |c I*DP5/19  |l II680  |s P  |a 0  |w stuzp75023_0001